Small unmanned aircraft : (Record no. 594078)
[ view plain ]
| 000 -LEADER | |
|---|---|
| fixed length control field | 01232cam a2200325 a 4500 |
| 001 - CONTROL NUMBER | |
| control field | 16878904 |
| 005 - DATE AND TIME OF LATEST TRANSACTION | |
| control field | 20230322134919.0 |
| 008 - FIXED-LENGTH DATA ELEMENTS--GENERAL INFORMATION | |
| fixed length control field | 110719s2012 njua b 001 0 eng |
| 010 ## - LIBRARY OF CONGRESS CONTROL NUMBER | |
| LC control number | 2011025926 |
| 016 7# - NATIONAL BIBLIOGRAPHIC AGENCY CONTROL NUMBER | |
| Record control number | 015978414 |
| Source | Uk |
| 020 ## - INTERNATIONAL STANDARD BOOK NUMBER | |
| International Standard Book Number | 9780691149219 (alk. paper) |
| 020 ## - INTERNATIONAL STANDARD BOOK NUMBER | |
| International Standard Book Number | 0691149216 (alk. paper) |
| 035 ## - SYSTEM CONTROL NUMBER | |
| System control number | (OCoLC)ocn724663112 |
| 040 ## - CATALOGING SOURCE | |
| Original cataloging agency | DLC |
| Transcribing agency | DLC |
| Modifying agency | YDX |
| -- | BTCTA |
| -- | UKMGB |
| -- | YDXCP |
| -- | PUL |
| -- | CDX |
| -- | DLC |
| 042 ## - AUTHENTICATION CODE | |
| Authentication code | pcc |
| 050 00 - LIBRARY OF CONGRESS CALL NUMBER | |
| Classification number | UG1242.D7 |
| Item number | B43 2012 |
| 082 00 - DEWEY DECIMAL CLASSIFICATION NUMBER | |
| Classification number | 623.7469 |
| Edition number | 23 |
| Author Mark | BEA |
| 100 1# - MAIN ENTRY--PERSONAL NAME | |
| Personal name | Beard, Randal W. |
| 9 (RLIN) | 111082 |
| 245 10 - TITLE STATEMENT | |
| Title | Small unmanned aircraft : |
| Remainder of title | theory and practice / |
| Statement of responsibility, etc. | Randal W. Beard, Timothy W. McLain. |
| 260 ## - PUBLICATION, DISTRIBUTION, ETC. | |
| Place of publication, distribution, etc. | Princeton, N.J. : |
| Name of publisher, distributor, etc. | Princeton University Press, |
| Date of publication, distribution, etc. | c2012. |
| 300 ## - PHYSICAL DESCRIPTION | |
| Extent | xiii, 300 p. : |
| Other physical details | ill. ; |
| Dimensions | 26 cm. |
| 500 ## - GENERAL NOTE | |
| General note | Includes bibliographical references (p. [291]-298) and index. |
| 650 #0 - SUBJECT ADDED ENTRY--TOPICAL TERM | |
| Topical term or geographic name entry element | Drone aircraft |
| General subdivision | Control systems. |
| 9 (RLIN) | 18543 |
| 650 #0 - SUBJECT ADDED ENTRY--TOPICAL TERM | |
| Topical term or geographic name entry element | Drone aircraft |
| General subdivision | Automatic control. |
| 9 (RLIN) | 111083 |
| 650 #0 - SUBJECT ADDED ENTRY--TOPICAL TERM | |
| Topical term or geographic name entry element | Guidance systems (Flight) |
| 9 (RLIN) | 110653 |
| 700 1# - ADDED ENTRY--PERSONAL NAME | |
| Personal name | McLain, Timothy W., |
| Dates associated with a name | 1963- |
| 9 (RLIN) | 111084 |
| 906 ## - LOCAL DATA ELEMENT F, LDF (RLIN) | |
| a | 7 |
| b | cbc |
| c | orignew |
| d | 1 |
| e | ecip |
| f | 20 |
| g | y-gencatlg |
| 942 ## - ADDED ENTRY ELEMENTS (KOHA) | |
| Source of classification or shelving scheme | |
| Koha item type | Book |
| Withdrawn status | Lost status | Source of classification or shelving scheme | Damaged status | Not for loan | Permanent Location | Current Location | Shelving location | Date acquired | Full call number | Barcode | Date last seen | Price effective from | Koha item type |
|---|---|---|---|---|---|---|---|---|---|---|---|---|---|
| School of Mechanical & Manufacturing Engineering (SMME) | School of Mechanical & Manufacturing Engineering (SMME) | Aerospace Engineering | 03/22/2023 | 623.7469 BEA | SMME-4102 | 03/22/2023 | 03/22/2023 | Book |
